|
|
|
|
| LEADER |
00000nkm a2200000 a 4500 |
| 001 |
vtls001403403 |
| 003 |
SK-MaSNL |
| 005 |
20260302072013.0 |
| 007 |
kf ao |
| 008 |
230706q1907 xo g 0kuhun |
| 015 |
|
|
|a SNBG1907
|
| 035 |
|
|
|a SNK000357953
|
| 035 |
|
|
|a urn:nbn:sk:snk-km004y0t
|
| 035 |
|
|
|a 949AEF97-893C-47AB-8617-33FB2FF2375D
|
| 035 |
|
|
|a urn:nbn:sk:snk-kmtg15
|
| 040 |
|
|
|a SNK
|b slo
|c SNK
|e AACR2
|
| 041 |
0 |
|
|a hun
|
| 043 |
|
|
|a e-xo---
|
| 044 |
|
|
|a xo
|c SK
|
| 072 |
|
7 |
|a 913
|x Regionálna geografia
|2 konspekt
|
| 080 |
|
|
|a 913(437.6)
|2 2001
|
| 080 |
|
|
|a (084.121)
|2 2001
|
| 080 |
|
|
|a 711.73
|2 2001
|
| 245 |
0 |
0 |
|a Turócz-Szt.-Márton
|h grafika
|b Fő-utcza
|
| 260 |
|
|
|a [Martin?]
|b [vydavateľ neznámy]
|c [1907?]
|
| 300 |
|
|
|a 1 pohľadnica
|b tónovaná do modra
|c 9 x 14 cm
|
| 500 |
|
|
|a Názvové údaje prevzaté z obrazovej strany pohľadnice
|
| 520 |
8 |
|
|a Zobrazenie: Pohľad na hlavnú ulicu plnú ľudí po ktorej idú dva povozy s koňmi
|
| 650 |
0 |
7 |
|a ulice
|2 SNKPH
|9 2938
|
| 651 |
|
7 |
|a Martin (Slovensko)
|2 SNKPHgeo
|
| 655 |
|
7 |
|a miestne pohľadnice
|2 SNKPH
|9 70510
|
| 655 |
|
7 |
|a historické pohľadnice
|2 SNKPH
|9 159703
|
| 852 |
|
|
|a Slovenská národná knižnica
|
| 958 |
|
|
|a GBN
|
| 958 |
|
|
|a GC
|
| 958 |
|
|
|a ONDV
|
| 999 |
|
|
|c 1154591
|d 1156521
|
| 952 |
|
|
|t P60, <03>, [BOOK], {603}
|a SNK
|b SNK
|y PREZ
|7 0
|p 17A0263334
|o snkSP 82671
|z Pohľadnica prešla poštou.
|0 0
|1 0
|4 0
|d 2000-12-20
|f 1
|l 0
|r 2005-01-02 00:00:00
|w 2026-02-24
|